00385nam a2200121Ia 450000500170000000800410001708200220005810000190008024500270009926000390012630000180016550000800018320250310055240.0240331s9999 xx 000 0 und d bTHA22211a954.93 aThangeswary, k 0aKalinga Mahan Varalaru aArayampathi,bAnpu Veliyeeduc1995 axxii, 224 p., aHistorical research on Kalinga Mahan, a ruled Sri Lanka in the 13th Century